Ecosocialismo uma alternativa verde para europa (Record no. 577)

MARC details
000 -LEADER
fixed length control field 00552nam a2200193Ia 4500
003 - CONTROL NUMBER IDENTIFIER
control field 0OSt
005 - DATE AND TIME OF LATEST TRANSACTION
control field 20260127122902.0
008 - FIXED-LENGTH DATA ELEMENTS--GENERAL INFORMATION
fixed length control field 240810s9999 xx 000 0 und d
020 ## - INTERNATIONAL STANDARD BOOK NUMBER
International Standard Book Number N/S
040 ## - CATALOGING SOURCE
Original cataloging agency Biblioteca Geral-Universidade Lusíada de Angola
Transcribing agency BULA
082 ## - DEWEY DECIMAL CLASSIFICATION NUMBER
Standard or optional designation 9(1)
Classification number 32
100 ## - MAIN ENTRY--PERSONAL NAME
Personal name ANTUNES ,Carlos ; JUQUIN ,Pierre
9 (RLIN) 980
245 #0 - TITLE STATEMENT
Title Ecosocialismo uma alternativa verde para europa
260 ## - PUBLICATION, DISTRIBUTION, ETC.
Place of publication, distribution, etc. Lisboa
Name of publisher, distributor, etc. Divergencia
Date of publication, distribution, etc. 1990.
300 ## - PHYSICAL DESCRIPTION
Extent 218p
650 ## - SUBJECT ADDED ENTRY--TOPICAL TERM
Topical term or geographic name entry element Politica
700 ## - ADDED ENTRY--PERSONAL NAME
Personal name Carlos Antunes /Pierre Juquin
942 ## - ADDED ENTRY ELEMENTS (KOHA)
Koha item type Livros
Source of classification or shelving scheme Dewey Decimal Classification
Holdings
Withdrawn status Lost status Source of classification or shelving scheme Damaged status Not for loan Home library Current library Date acquired Inventory number Total Checkouts Full call number Barcode Date last seen Price effective from Koha item type
    Dewey Decimal Classification     Biblioteca Geral- Universidade Lusíada de Angola Biblioteca Geral- Universidade Lusíada de Angola 27/01/2026 9 (1)   32 2026-0034 27/01/2026 27/01/2026 Livros